| 000 | 00540nam a2200181Ia 4500 | ||
|---|---|---|---|
| 003 | GCL | ||
| 008 | 140319s9999 xx 000 0 ara d | ||
| 040 |
_aGCL / _cGCL |
||
| 082 | 0 | 4 |
_a823.03 _bط ض |
| 100 | 1 | _aطانيوس عبده (مترجم) | |
| 245 | 1 | 0 |
_aضحايا الانتقام / _cطانيوس عبده (مترجم) |
| 260 |
_a[S.N] : _bالمكتبة الثقافية ، _c1980 |
||
| 300 | _a220 ص | ||
| 490 | _a | ||
| 650 | 0 | 4 | _aالقصص الانجليزية المترجمة |
| 650 | 0 | 4 | _aالقصص |
| 942 |
_2ddc _cBK |
||
| 999 |
_c38415 _d38415 |
||